Predictable results in unpredictable times / (Record no. 86767)

MARC details
000 -LEADER
fixed length control field 00838nam a22002297a 4500
005 - DATE AND TIME OF LATEST TRANSACTION
control field 20170809110039.0
010 ## - LCCN (DPL NO)
LC control number ENG-110455
020 ## - INTERNATIONAL STANDARD BOOK NUMBER
International Standard Book Number 9788183223218
Terms of availability 150.00
020 ## - INTERNATIONAL STANDARD BOOK NUMBER
International Standard Book Number 9788183223218
Terms of availability 195.00 (AV)
035 ## - SYSTEM CONTROL NUMBER
System control number EN-93987
037 ## - SOURCE OF ACQUISITION
Source of stock number/acquisition DBAD/PUB
082 ## - DEWEY DECIMAL CLASSIFICATION NUMBER
Classification number 658.4092
100 ## - MAIN ENTRY--PERSONAL NAME
Personal name Covey, Stephen R.
245 00 - TITLE STATEMENT
Title Predictable results in unpredictable times /
Statement of responsibility, etc by Stephen R. Covey, Bob Whitman [and] Breck England
260 ## - PUBLICATION, DISTRIBUTION, ETC. (IMPRINT)
Place of publication, distribution, etc New Delhi
Name of publisher, distributor, etc Manjul Publishing House
Date of publication, distribution, etc 2012
270 ## - ADDRESS
Address 7/32, Ground Floor, Ansari Road, Darya Ganj
City New Delhi
Postal code 110002
300 ## - PHYSICAL DESCRIPTION
Extent vi,110p.
Dimensions 22cm(pbk)
700 ## - ADDED ENTRY--PERSONAL NAME
Personal name Whitman, Bob
700 ## - ADDED ENTRY--PERSONAL NAME
Personal name England, Breck
942 ## - ADDED ENTRY ELEMENTS (KOHA)
Source of classification or shelving scheme Dewey Decimal Classification
Item type English Books
Call number suffix COV
Classification part 658.4092
Holdings
Withdrawn status Lost status Not for loan Collection code Home library Current library Date acquired Source of acquisition Cost, normal purchase price Full call number Barcode Copy number Cost, replacement price Koha item type
      Non-fiction Ashok Vihar Ashok Vihar 09/08/2017 BPPD/EN/2013-14/AV/2016-17/350/15.2.2017/IN501/28.2.2017/ 6.3.2017 195.00 658.4092 COV B-664549 1 195.00 English Books
    Not For Loan Non-fiction D.B.Act.Division D.B.Act.Division 10/07/2014 DBAD/PUB 150.00 658.4092 COV EN-93987 1 150.00 English Books

© Delhi Public Library
Hit Counter
free hit counter